000 00325nam a22001457a 4500
008 210607b ||||| |||| 00| 0 eng d
020 _a9780192622525
041 _aeng
080 _a61
082 _a61
100 _a3
101 _aSHM
245 _aInternational Surgical Practice
_cFrank J. Branicki
942 _2udc
_cBK
999 _c58022
_d58022